|
|
|
|
| LEADER |
00919nam a2200217 a 4500 |
| 001 |
788239 |
| 008 |
090831s1975 enka b 001 0 eng d |
| 010 |
|
|
|a \\\74006995
|
| 020 |
|
|
|a 0471686700
|
| 040 |
|
|
|a DLC
|c DLC
|d DLC
|
| 082 |
0 |
0 |
|a 372.9/172/4
|2 18
|
| 100 |
1 |
|
|a Phillips, H. M.
|q (Herbert Moore),
|d 1908-
|
| 245 |
1 |
0 |
|a Basic education--a world challenge :
|b measures and innovations for children and youth in developing countries /
|c byH. M. Phillips.
|
| 260 |
|
|
|a London ;
|a New York :
|b Wiley,
|c c1975
|
| 300 |
|
|
|a 259 p. :
|b ill. ;
|c 24 cm.
|
| 504 |
|
|
|a Includes bibliographical references and index.
|
| 541 |
1 |
|
|e 00006048
|
| 650 |
|
0 |
|a Education, Elementary
|z Developing countries.
|
| 852 |
4 |
|
|a Ayesha Abed Library
|j General shelf
|
| 999 |
|
|
|c 3446
|d 3446
|
| 952 |
|
|
|0 0
|1 0
|2 ddc
|4 0
|6 372_917240000000000_PHI_1975
|7 0
|9 3129
|a BRACUL
|b BRACUL
|c GEN
|d 2009-09-01
|g 940.00
|l 0
|o 372.91724 PHI
|p 3010006048
|r 2009-09-01
|t 1
|v 1880.00
|w 2009-09-01
|y BK
|